000 01326nam a22002177a 4500
999 _c60374
_d60374
003 Ge_BSU
005 20230706153557.0
008 230706s1964ge xxu||||| |||| 00| 0 geo d
041 _ageo
080 _a902.2(479.22.11) გ-14
100 _aგაგოშიძე, იულონი, ავტორი.
_919181
245 _aადრეანტიკური ხანის ძეგლები ქსნის ხეობიდან /
264 _aთბილისი :
_bმეცნიერება,
_c1964.
300 _a110 გვ. :
_b[8] ფ. ილ. ;
_c22,5 სმ
504 _aბიბლიოგრაფია ტექსტის შენიშვნებში.
520 _aრეზუმე რუსულ ენაზე.
653 _aარქეოლოგიური გათხრები საქართველოში
710 _aსაქართველოს სსრ მეცნიერებათა აკადემია. ს. ჯანაშიას სახ. საქართველოს სახელმწიფო მუზეუმი
_919182
856 _uhttps://dspace.nplg.gov.ge/bitstream/1234/430193/1/Adreantikuri_Xanis_Dzeglebi_Qsnis_Xeobidan.pdf
_yელექტრონული ვერსია
942 _2udc
_cBK